000 00464nam a2200181Ia 4500
005 20240605024910.0
008 240331s9999 xx 000 0 und d
020 _a 0674298748
082 _bMAC
_a346
100 _aMackinnon, A Catharine
245 0 _aFeminism unmodified :
_bdiscourses on life and law
260 _aAmerica
_bHarvard University Press
_c1987
300 _a315 p .,
650 _aWomen
650 _aLegal Status
650 _aLaw
942 _cL
999 _c2845
_d2845